Physiotherapy in Respiratory Care: (Record no. 1020)

MARC details
000 -LEADER
fixed length control field 01154cam a22003134a 4500
001 - CONTROL NUMBER
control field 13250144
003 - CONTROL NUMBER IDENTIFIER
control field OSt
005 - DATE AND TIME OF LATEST TRANSACTION
control field 20230201110950.0
008 - FIXED-LENGTH DATA ELEMENTS--GENERAL INFORMATION
fixed length control field 030624s2001 enka b 001 0 eng
010 ## - LIBRARY OF CONGRESS CONTROL NUMBER
LC control number 2003447954
020 ## - INTERNATIONAL STANDARD BOOK NUMBER
International Standard Book Number 0748740376
040 ## - CATALOGING SOURCE
Original cataloging agency DLC
Transcribing agency DLC
Modifying agency DLC
042 ## - AUTHENTICATION CODE
Authentication code pcc
050 00 - LIBRARY OF CONGRESS CALL NUMBER
Classification number RM161
Item number .H684 2001
082 00 - DEWEY DECIMAL CLASSIFICATION NUMBER
Classification number WB460 H816p 2001
Edition number 22
100 1# - MAIN ENTRY--PERSONAL NAME
Personal name Hough, Alexandra,
9 (RLIN) 2741
245 10 - TITLE STATEMENT
Title Physiotherapy in Respiratory Care:
Remainder of title an evidence-based approach to respiratory and cardiac management
250 ## - EDITION STATEMENT
Edition statement 3rd ed.
260 ## - PUBLICATION, DISTRIBUTION, ETC. (IMPRINT)
Place of publication, distribution, etc. Cheltenham;
Name of publisher, distributor, etc. Nelson Thornes,
Date of publication, distribution, etc. c2001.
300 ## - PHYSICAL DESCRIPTION
Extent x, 550 p. :
Other physical details ill. ;
Dimensions 25 cm.
500 ## - GENERAL NOTE
General note Previous ed.: London : Chapman & Hall, 1996 with subtitle: A problem-solving approach to respiratory and cardiac management.
504 ## - BIBLIOGRAPHY, ETC. NOTE
Bibliography, etc "Annotated bibliography": p. 480-538.
504 ## - BIBLIOGRAPHY, ETC. NOTE
Bibliography, etc Includes bibliographical references and index.
650 #0 - SUBJECT ADDED ENTRY--TOPICAL TERM
Topical term or geographic name as entry element Respiratory system
9 (RLIN) 2742
650 #0 - SUBJECT ADDED ENTRY--TOPICAL TERM
Topical term or geographic name as entry element Physiotherapy.
9 (RLIN) 2407
906 ## - LOCAL DATA ELEMENT F, LDF (RLIN)
a 7
b cbc
c origres
d 2
e ncip
f 20
g y-gencatlg
942 ## - ADDED ENTRY ELEMENTS (KOHA)
Source of classification or shelving scheme Other/Generic Classification Scheme
Koha item type Short Loan
Holdings
Withdrawn status Lost status Source of classification or shelving scheme Damaged status Not for loan Home library Current library Date acquired Source of acquisition Inventory number Total Checkouts Full call number Barcode Date last seen Koha item type Date last checked out
    Other/Generic Classification Scheme     MUST Main Library MUST Main Library 09/02/2015   06/27461   WB 460 H816p 2001 2015-0275 09/02/2015 Short Loan  
    Other/Generic Classification Scheme     MUST Main Library MUST Main Library 24/11/2015   06/26192 2 WB 460 H816p 2001 2015-2768 18/03/2022 Open Shelf 18/03/2022
    Other/Generic Classification Scheme     MUST Main Library MUST Main Library 11/04/2017   09/31368 1 WB 460 H816p 2001 2017-0802 24/04/2017 Open Shelf 11/04/2017